El sueño de una noche de verano ; Las alegres comadres de Windsor / (Registro nro. 32853)

Detalles MARC
000 -CABECERA
Longitud fija campo de control 01256nam a2200337 a 4500
003 - • IDENTIFICADOR DELl NÚMERO DE CONTROL
Identificador del número de control CO-ViMGA
005 - • FECHA Y HORA DE LA ÚLTIMA TRANSACCIÓN
Fecha y hora de la última transacción 20230915232048.0
008 - • CÓDIGOS DE INFORMACIÓN DE LONGITUD FIJA
Códigos de información de longitud fija 141112s2004 ck r 000 u spa d
017 ## - NÚMERO DE COPYRIGHT O DE DEPÓSITO LEGAL
Número de copyright o de depósito legal M 35919 - 1997 Oficina Depósito Legal Madrid
020 ## - • NÚMERO INTERNACIONAL NORMALIZADO PARA LIBROS
Número Internacional Normalizado para Libros (ISBN) 8441402809
040 ## - FUENTE DE LA CATALOGACIÓN
Centro catalogador de origen CO-ViMGA
Lengua de catalogación spa
Centro transcriptor CO-ViMGA
041 ## - • CÓDIGO DE LENGUA
Código de lengua del texto/banda sonora o título independiente spa
080 ## - NÚMERO DE LA CLASIFICACIÓN DECIMAL UNIVERSAL
Número de la Clasificación Decimal Universal 821.111 - 22"15"
082 04 - • NÚMERO DE LA CLASIFICACIÓN DECIMAL DEWEY
Número de clasificación (R) 822.33 S414s
100 1# - • PUNTO DE ACCESO PRINCIPAL-NOMBRE DE PERSONA
Nombre de persona Shakespeare, William 1564 - 1616
240 ## - • TÍTULO UNIFORME
Título uniforme <a href="A midsummer night's dream Español">A midsummer night's dream Español</a>
245 10 - • TITULO PROPIAMENTE DICHO
Título El sueño de una noche de verano ; Las alegres comadres de Windsor /
Mención de responsabilidad, etc. William Shakespeare ; prologo de Antonio Ballesteros ; [traduccion de Jose A. Marquez]
300 ## - • DESCRIPCI&Oacute;N F&Iacute;SICA
Extensión 225 p. 18 cm
490 ## - • MENCI&Oacute;N DE SERIE
Mención de serie Biblioteca Edaf 222
594 ## -
-- Traducción de : A midsummer night's dream ; The merry wives of Windsor
700 1# - • PUNTO DE ACCESO ADICIONAL - NOMBRE DE PERSONA
Nombre de persona Shakespeare, William 1564 - 1616 The merry wives of Windsor
740 ## - • PUNTO DE ACCESO ADICIONAL - T&Iacute;TULO RELACIONADO O ANAL&Iacute;TICO NO CONTROLADO
Título relacionado o analítico no controlado Las alegres comadres de Windsor
942 ## - ENTRADA DE ELEMENTOS AGREGADOS (KOHA)
Fuente de clasificaión o esquema Dewey Decimal Classification
Koha [por defecto] tipo de item LIbro
956 ## - LOCALIZACI&Oacute;N Y ACCESO ELECTR&Oacute;NICO LOCAL (OCLC)
Nombre de la fuente 2
980 ## - EQUIVALENCIA O SECCI&Oacute;N-REFERENCIA-INFORME SERIES--NOMBRE &#47; T&Iacute;TULO DE PERSONA [LOCAL, CANADA]
Nombre personal 017. M 35919 - 1997 020. 84 - 414 - 0280 - 9 852. 40 M - BN BNALCALA MO02976735 10/67242 DG ALCALA
Existencias
Perdido Fuente de clasificaci&oacute;n o esquema Estado Físico No para pr&eacute;stamo Forma de adquisición Localizaci&oacute;n permanente Localizaci&oacute;n actual Fecha adquisici&oacute;n Serie de enumeraci&oacute;n &#47; cronolog&&iacute;acute;a Pr&eacute;stamos totales Renovaciones totales Signatura completa C&oacute;digo de barras Fecha &uacute;ltima consulta Fecha &uacute;ltimo pr&eacute;stamo N&uacute;mero de copia Fecha del precio de reemplazo Tipo de item de Koha Localización en estanterías
  Dewey Decimal Classification     Colección General Biblioteca Pública Lejanias Biblioteca Pública Lejanias 12/09/2025       822.33 S414s LEJ01518 12/09/2025   Ej.1 12/09/2025 LIbro General
  Dewey Decimal Classification     Sala General Segundo Piso Biblioteca Pública Germán Arciniegas - Villavicencio Biblioteca Pública Germán Arciniegas - Villavicencio 12/04/2015 12/sep/2013 3 1 822.33 S414s 26181 02/28/2019 02/18/2019 Ej. 1 12/04/2015 LIbro  









Instituto Departamental de Cultura del Meta - Red Departamental de Bibliotecas Públicas del Meta.